000 00838cam a2200289 a 4500
005 20260322212021.0
008 data
010 _a 90081607
020 _a0894718517
020 _a9780894718519
040 _aDLC
_cDLC
_dDLC
050 0 0 _aG525
_b.G77 1990
082 0 0 _a909
_220
092 _a909 G77
100 1 _aGroushko, Mike.
245 1 0 _aTreasure /
_cMike Groushko.
260 _aPhiladelphia, Pa. :
_bCourage Books,
_c1990.
300 _a128 p. :
_bill. (some col.) ;
_c34 cm.
500 _a"A Quintet book"--T.p. verso.
500 _aIncludes index.
650 0 _aTreasure troves.
906 _a7
_bcbc
_corignew
_d2
_eopcn
_f19
_gy-gencatlg
922 _aco
991 _bc-GenColl
_hG525
_i.G77 1990
_tCopy 1
_mfol.
_wBOOKS
001 data
999 _c484
_d484